000
00434nam a2200169Ia 4500
008
090711s9999 xx 000 0 und d
082
_b
75164
100
_a
शिरवळकर सुहास
245
_a
झलक
260
_c
1995
300
_a
108
600
_a
शिरवळकर सुहास
630
_a
झलक
700
_a
शिरवळकर सुहास
730
_a
झलक
942
_c
BOOK
999
_c
295441
_d
295441